| 000 | 01146cam a22001814a 4500 | ||
|---|---|---|---|
| 005 | 20250605164144.0 | ||
| 008 | 250528s ||||||||||||||||||||||||d | ||
| 035 | _a19066 | ||
| 040 |
_aGR-AtMCL _bgre _dGR-AtMCL _eAACR2 |
||
| 245 | 1 | _aΣτοιχεία Περιγραφικής και Επαγωγικής Στατιστικής | |
| 260 |
_bΑθήνα, _c1984 |
||
| 300 | _a192 | ||
| 520 | _aΠρόλογος, Βασικές Έννοιες - Ορισμοί της Στατιστικής, Κατανομές Μονομεταβλητών, Δείκτες Κεντρικής Τάσεως, Δείκτες Διασποράς, Κατανομές Συμμεταβλητών - Συνάφεια, Δείκτες Συνάφειας, Επαγωγική Στατιστική - Στατιστικές Εκτιμήσεις, Επαγωγική Στατιστική: Έλεγχος Υποθέσεων, Βιβλιογραφία, Αλφαβητικό Ευρετήριο Όρων, Παράρτημα: Στατιστικοί Πίνακες. | ||
| 700 | 1 |
_aΠαρασκευοπουλος Ιωαννης Ν _92858 |
|
| 942 | _cBK | ||
| 999 |
_c4349 _d4349 |
||